Cataluña: síntesis de una región

Tallennettuna:
Bibliografiset tiedot
Päätekijä: García Venero, Maximiano (Tekijä)
Aineistotyyppi: Kirja
Kieli:espanja
Julkaistu: Madrid, España Editora Nacional 1954
Sarja:Las Tierras de España, 3
Aiheet:
Tagit: Lisää tagi
Ei tageja, Lisää ensimmäinen tagi!

MARC

LEADER 00000nam a2200000 a 4500
001 UCO0824
003 CL-VaPUC
005 20210521001541.0
008 000428e19540000SP |||||||||||||||||spa|d
999 |c 287470  |d 287468 
040 |c Pontificia Universidad Católica de Valparaíso 
082 0 4 |a 946.7 GAR 1954  |2 21 
100 |a García Venero, Maximiano  |e author  |9 443327 
245 1 0 |a Cataluña:  |b  síntesis de una región 
260 |a Madrid, España  |b Editora Nacional  |c 1954 
300 |a 367 páginas 
490 0 |a Las Tierras de España,  |v  3 
583 |a last modification  |c 20000428 00:00:00  |k Rodrigo Vera 
650 0 |a Historia de España  |z CATALUÑA  |9 315435 
650 7 |a HISTORIA DE CATALUÑA  |2 CL-VaPUC  |9 442369  |z ESPAÑA 
852 |a BIBCUR 
942 |c BK  |2 ddc 
945 |d 20000428 00:00:00  |a rherrera 
952 |0 0  |1 0  |2 ddc  |4 0  |6 946_700000000000000_GAR_1954  |7 0  |8 A  |9 334337  |a BIBHIS  |b BIBHIS  |d 2019-11-20  |i 1268937  |o 946.7 GAR 1954  |p 1268937  |r 2025-01-20  |t 1  |w 2019-11-20  |y BK  |k HIS